| 000 | 00567nam a2200169Ia 4500 | ||
|---|---|---|---|
| 005 | 20250923145244.0 | ||
| 008 | 008 250917s9999 xx 000 0 eng d | ||
| 037 | _aTextual | ||
| 040 |
_aDSWL _beng _cDSWL |
||
| 041 |
_aeng _2eng |
||
| 084 |
_aT15:3(Y:5)p2,N69, N69 _qDSWL |
||
| 245 | 0 |
_aNational Seminar on population Education August, 2-3, 1969 _cEd.by T.S. Mehta |
|
| 260 |
_aNew York _b National Council of Education Research & Training _c1969 |
||
| 300 | _a50p. | ||
| 942 |
_cTEXL _hT15:3(Y:5)p2,N69, N69 |
||
| 999 |
_c1449032 _d1449032 |
||